Dossier de Literatura : curs... curs...
Publicado:
Barcelona :
Diputació de Barcelona. Àrea d'Educació. Centre de Formació d'Adults Can Batlló, [2006]
Descripción Física:
46 p. ; 30 cm
MARC
| LEADER | 00000nam a2200000Ia 4500 | ||
|---|---|---|---|
| 001 | 20830, 22157 | ||
| 008 | 160829s9999 xx 000 0 cat d | ||
| 080 | |a FU-16-39, E-1-358 | ||
| 245 | |a Dossier de Literatura : |b curs... | ||
| 260 | |a Barcelona : |b Diputació de Barcelona. Àrea d'Educació. Centre de Formació d'Adults Can Batlló, [2006] | ||
| 300 | |a 46 p. ; |c 30 cm | ||
| 590 | |a Curs d'accés per més grans de vint-i-cinc anys. | ||
| 590 | |a A la coberta: Curs d'accés a la universitat per a més grans de 25 anys | ||
| 650 | |a Literatura catalana |x Exàmens, preguntes, etc. |9 41294 | ||
| 650 | |a Literatura castellana |x Exàmens, preguntes, etc. |9 41295 | ||
| 650 | |a Literatura catalana |x Comentari de textos I |9 41296 | ||
| 650 | |a Literatura castellana |x Comentari de textos |9 41297 | ||
| 710 | |a Barcelona (Catalunya : Província). |b Àrea d'Educació |9 8009 | ||
| 710 | 2 | |a Centre de Formació d'Adults Can Batlló |9 55011 | |
| 866 | |a 2006 - 2007, 2009 - 2010 | ||
| 901 | |a Arxiu | ||
| 942 | |n 1 | ||
| 952 | |0 0 |1 0 |4 0 |6 FU1639_E1358 |7 1 |9 50138 |a Arxiu |b Arxiu |d 2016-12-01 |l 0 |o FU-16-39, E-1-358 |p 20830, 22157 |r 2016-12-01 00:00:00 |w 2016-12-01 |y ARXIU | ||
| 999 | |c 53980 |d 53980 | ||